000
00198 a2200097 4500
001
4104
100
_a
Dusen,H.P.V
245
_a
Dag hammarkjold
260
_a
_b
Faberr faber
_c
090
_c
3322
_d
3322
942
_a
NUST-CAE
_c
M
_c
25803
999
_c
239177
_d
239177